000 02448cam a22005414i 4500
003 PE-LiUPU
005 20250731173000.0
008 150623s r 000 0 d
020 _a0800715756
035 _a(Sirsi) i9780800715755
040 _aPE-LiUPU
_bspa
_cPE-LiUPU
_erda
049 _aPRUA
082 0 4 _a254
_bG38
_221
100 1 _aGeorge, Carl F.,
_eautor.
245 1 0 _aLeading and managing your church /
_cCarl F. George y Robert E. Logan.
264 1 _aGrand Rapids, Michigan :
_bFleming H. Revell,
_c1993.
300 _a192 páginas :
_bilustraciones, gráficos, cuadros ;
_c23 centímetros
336 _atext
_2rdacontent
337 _aunmediated
_2rdamedia
338 _avolume
_2rdacarrier
505 0 _aLeadership and church growth. -Using spiritual gifts to focus ministry. -manging time more effectively. -Goal setting and project planning. -Skills for effective ministry management. -Building a leadership team. -developing people through delegation. -Using the pastor's planning workbooks. -Obtaining goal ownership. -The berry-bucket theory. -Faith can be learned.
526 _aSEG42
526 _aSEG41
526 _aSEG40
526 _aSEG39
526 _aP94
526 _aP87
526 _aP86
526 _aP85
526 _aP77
526 _aP76
526 _aP35
650 0 4 _aAdministración de iglesias.
650 0 4 _aLiderazgo cristiano.
700 1 _aRobert E. Logan.
942 _2ddc
_cBOOK
949 _a254 G38
_wDEWEY
_c1
_i36312
_lCCODEBUL1
_mBUL
_r0
_sY
_tBOOK
_u2015-6-24
_xTEOLOGIA
_PP35
_0COMPRA
_o.STAFF. Colección General
949 _a254 G38
_wDEWEY
_c2
_i45504
_lCCODEBUL1
_mBUL
_r0
_sY
_tBOOK
_u2015-6-24
_xTEOLOGIA
_PP35
_0COMPRA
_o.STAFF. Colección General
949 _a254 G38
_wDEWEY
_c3
_i46248
_lCCODEBUL1
_mBUL
_r0
_sY
_tBOOK
_u2015-6-24
_xTEOLOGIA
_PP35
_0COMPRA
_o.STAFF. Colección General
994 _aC0
_bPEPRU
596 _a1
999 _a254 G38
_wDEWEY
_c22365
_i36312
_f2021-11-10
_g5
_lCCODEBUL1
_mBUL
_r0
_sY
_tBOOK
_u2015-6-24
_xTEOLOGIA
_PP35
_0COMPRA
_o.STAFF. Colección General
_d22365
999 _a254 G38
_wDEWEY
_c2
_i45504
_f2021-11-12
_g5
_lCCODEBUL1
_mBUL
_r0
_sY
_tBOOK
_u2015-6-24
_xTEOLOGIA
_PP35
_0COMPRA
_o.STAFF. Colección General
999 _a254 G38
_wDEWEY
_c3
_i46248
_f2021-11-10
_g5
_lCCODEBUL1
_mBUL
_r0
_sY
_tBOOK
_u2015-6-24
_xTEOLOGIA
_PP35
_0COMPRA
_o.STAFF. Colección General
980 _81
_gALBERTO SANCHEZ Responsable de Automatización